000 01025fam a2200301 a 4500
001 1175447
003 NUST - PNEC
005 20170116181108.0
008 900402s1991 njua b 001 0 eng
010 _a 90035448
020 _a0132490382
035 _a(OCoLC)21407339
035 _a(OCoLC)ocm21407339
035 _a(NNC)1175447
040 _aDLC
_cLIBRARY
_dDLC
050 0 0 _aTP255
_b.P74 1991
082 0 0 _a660.297 PRE
_220
100 1 _aPrentice, Geoffrey.
245 1 0 _aElectrochemical engineering principles /
_cGeoffrey Prentice.
260 _aEnglewood Cliffs, N.J. :
_bPrentice Hall,
_cc1991.
300 _axxii, 296 p. :
_bill. ;
_c24 cm.
490 1 _aPrentice-Hall international series in the physical and chemical engineering sciences
504 _aIncludes bibliographical references (p. 267) and index.
650 _912723
_bElectrical engineering
_xEE
830 0 _aPrentice-Hall international series in the physical and chemical engineering sciences.
942 _2ddc
_cBK
999 _c68996
_d68996